<?xml version="1.0" encoding="UTF-8"?>
<record
    xmlns:xsi="http://www.w3.org/2001/XMLSchema-instance"
    xsi:schemaLocation="http://www.loc.gov/MARC21/slim http://www.loc.gov/standards/marcxml/schema/MARC21slim.xsd"
    xmlns="http://www.loc.gov/MARC21/slim">

  <leader>00875nam a2200205 i 4500</leader>
  <controlfield tag="001">15498</controlfield>
  <controlfield tag="003">ES-MaACL</controlfield>
  <controlfield tag="005">20230906151107.0</controlfield>
  <controlfield tag="007">t|</controlfield>
  <controlfield tag="008">000324s1993    sp           ||||1| spa d</controlfield>
  <datafield tag="020" ind1=" " ind2=" ">
    <subfield code="a">84-87169-56-2</subfield>
  </datafield>
  <datafield tag="080" ind1=" " ind2=" ">
    <subfield code="a">316.324.8</subfield>
  </datafield>
  <datafield tag="100" ind1="1" ind2=" ">
    <subfield code="a">Colomer Viadel, Antonio.</subfield>
    <subfield code="9">39856</subfield>
  </datafield>
  <datafield tag="245" ind1="1" ind2="3">
    <subfield code="a">El retorno de Ulises a la comunidad de los libres </subfield>
    <subfield code="b">: manifiesto de los argonarios : una doble estrategia, iberoamericana y planetaria, de renovada supervivencia / </subfield>
    <subfield code="c">Antonio Colomer Viadel.</subfield>
  </datafield>
  <datafield tag="260" ind1=" " ind2=" ">
    <subfield code="a">Madrid : </subfield>
    <subfield code="b">Ediciones Madre Tierra : </subfield>
    <subfield code="b">Instituto Intercultural para la Autogesti&#xF3;n y la Acci&#xF3;n Comunal, </subfield>
    <subfield code="c">1993.</subfield>
  </datafield>
  <datafield tag="300" ind1=" " ind2=" ">
    <subfield code="a">154 p. ; </subfield>
    <subfield code="c">20 cm.</subfield>
  </datafield>
  <datafield tag="650" ind1="1" ind2="4">
    <subfield code="a">Sociedad postindustrial.</subfield>
    <subfield code="9">17176</subfield>
  </datafield>
  <datafield tag="710" ind1="2" ind2=" ">
    <subfield code="a">Instituto Intercultural para la Autogesti&#xF3;n y la Acci&#xF3;n Comunal.</subfield>
    <subfield code="9">5095</subfield>
  </datafield>
  <datafield tag="852" ind1=" " ind2=" ">
    <subfield code="a">ES-MaACL</subfield>
    <subfield code="j">G-2112 </subfield>
    <subfield code="b">R.122301 </subfield>
    <subfield code="q">. - Ded. aut&#xF3;gr. del autor</subfield>
  </datafield>
  <datafield tag="999" ind1=" " ind2=" ">
    <subfield code="c">15498</subfield>
    <subfield code="d">15498</subfield>
  </datafield>
  <datafield tag="952" ind1=" " ind2=" ">
    <subfield code="0">0</subfield>
    <subfield code="1">0</subfield>
    <subfield code="4">0</subfield>
    <subfield code="7">0</subfield>
    <subfield code="a">ATENEOM</subfield>
    <subfield code="b">ATENEOM</subfield>
    <subfield code="c">DEPO2</subfield>
    <subfield code="d">2008-01-17</subfield>
    <subfield code="e">SC</subfield>
    <subfield code="l">1</subfield>
    <subfield code="o">G-2112</subfield>
    <subfield code="p">1015756</subfield>
    <subfield code="q">2026-12-14</subfield>
    <subfield code="r">2026-06-16 17:28:45</subfield>
    <subfield code="s">2026-06-16</subfield>
    <subfield code="w">2023-02-23</subfield>
    <subfield code="y">MONOGRAFIA</subfield>
  </datafield>
</record>
